Matelski, Dariusz, 1963-. Losy polskich dóbr kultury w Rosji i ZSRR. - Poznań : Inter-Arpress. - 2003 [Rezension]
| Titel: | Matelski, Dariusz, 1963-. Losy polskich dóbr kultury w Rosji i ZSRR. - Poznań : Inter-Arpress. - 2003 [Rezension] |
|---|---|
| Verfasser: | |
| In: |
Studia z dziejów Rosji i Europy Środkowo-Wschodniej, Band 39 (2004), Seite 283-284 alle Artikel anzeigen |
| Veröffentlicht: | 2004 |
| Format: | Aufsatz |
| Sprache: | Polnisch |
X
alg: 39491931 001A $01999:12-11-16 001B $01999:04-08-21 $t20:59:18.000 001D $01999:12-11-16 001U $0utf8 001X $00 002@ $0Aox 003@ $0394919319 007A $0394919319 $aHEB 007T $0Herdc0000008m 010@ $apol 011@ $a2004 021A $aMatelski, Dariusz, 1963-. Losy polskich dóbr kultury w Rosji i ZSRR. - Poznań : Inter-Arpress. - 2003 [Rezension] 028A $aMaterski $dWojciech 031A $d39 $h283-284 $j2004 039B $aIn $8--Abvc--. Studia z dziejów Rosji i Europy Środkowo-Wschodniej. - Warszawa : Wydawn. Naukowe Semper, 1992-. - ISSN 1230-5057 $x200400000390000717 $9048641332 039T $8--Aau--Matelski, Dariusz$Z1963- [Tp1]. Losy polskich dóbr kultury w Rosji i ZSRR. - Wyd. 1. - Poznań : Inter-Arpress, 2003. - 309 S.. - Kt.. - ISBN 83-89353-00-8 $9112274277 045F $a900.9438 $eDDC23BSB 045F/01 $a900 045F/03 $g438 045T $a7,41 lok: 39491931 78 exp: 39491931 78 1 #EPN 201B/01 $018-11-16 $t13:08:34.000 201U/01 $0utf8 203@/01 $0791217884 208@/01 $a12-11-16 $be 209A/01 $a/ $f000 $x00 220C/01 $aTitelaufnehmer: cs 244Z/01 $2Trx $#Poola $#Lenkija $#Polija $#Polen Land $#Poland $#Lengyelország $#Poľsko $#Polsko $8--Trx--Polska$gkraj $x01 $9391345966 244Z/01 $2Trx $#arvustused $#recenzijos $#Reviews $#recenziók $#recenzje $#recenzie $#recenze $8--Trx--Rezensionen $x02 $9391357441 247C/01 $82080>Marburg/Lahn, Herder-Institut, Forschungsbibliothek, Bibliographieportal $9336309341
| LEADER | 00000caa a22000002c 4500 | ||
|---|---|---|---|
| 001 | 394919319 | ||
| 003 | DE-603 | ||
| 005 | 20210804205918.0 | ||
| 007 | tu | ||
| 008 | 161112s2004 xx |||| | u00||u|pol c | ||
| 035 | |a (DE-599)HEB394919319 | ||
| 040 | |a DE-603 |b ger |c DE-603 |d DE-603 | ||
| 041 | |a pol | ||
| 082 | 0 | 4 | |8 1\u |a 900.9438 |q DE-101 |2 23/BSB |
| 084 | |a 7,41 |2 ssgn | ||
| 085 | |8 1\u |b 900 | ||
| 085 | |8 1\u |z 2 |s 438 | ||
| 100 | 1 | |a Materski, Wojciech | |
| 245 | 0 | 0 | |a Matelski, Dariusz, 1963-. Losy polskich dóbr kultury w Rosji i ZSRR. - Poznań : Inter-Arpress. - 2003 [Rezension] |
| 264 | 0 | |c 2004 | |
| 773 | 0 | 8 | |i In |t Studia z dziejów Rosji i Europy Środkowo-Wschodniej |d Warszawa : Wydawn. Naukowe Semper, 1992- |x 1230-5057 |g Band 39 (2004), Seite 283-284 |w (DE-603)048641332 |w (DE-600)1176803-4 |
| 787 | 0 | 8 | |i Rezension von |a Matelski, Dariusz, 1963- |t Losy polskich dóbr kultury w Rosji i ZSRR |b Wyd. 1 |d Poznań : Inter-Arpress, 2003 |h 309 S., Kt. |z 8389353008 |w (DE-603)112274277 |
| 924 | 0 | |9 2080 |a (DE-603)791217884 |b DE-2080 |c HES |d d |g / | |


